Validation d’un questionnaire sur l’alphabétisme en santé des francophones en situation linguistique minoritaire (notice n° 1578959)

détails MARC
000 -LEADER
fixed length control field 04632cam a2200409 4500500
005 - DATE AND TIME OF LATEST TRANSACTION
control field 20251228045626.0
041 ## - LANGUAGE CODE
Language code of text/sound track or separate title fre
042 ## - AUTHENTICATION CODE
Authentication code dc
100 10 - MAIN ENTRY--PERSONAL NAME
Personal name Zanchetta, Margareth
Relator term author
245 00 - TITLE STATEMENT
Title Validation d’un questionnaire sur l’alphabétisme en santé des francophones en situation linguistique minoritaire
260 ## - PUBLICATION, DISTRIBUTION, ETC.
Date of publication, distribution, etc. 2018.<br/>
500 ## - GENERAL NOTE
General note 23
520 ## - SUMMARY, ETC.
Summary, etc. Objectif : Cette étude vise à construire et à valider les éléments qualitatifs d’un questionnaire en français destiné à explorer les mécanismes par lesquels les francophones vivant en situation linguistique minoritaire mobilisent leur capital social et leurs atouts culturels vers leur alphabétisme en santé. Méthodes : Nous avons procédé à une révision des données probantes qualitatives provenant d’une étude précédente pour caractériser le capital social et les atouts culturels. À partir de modèles conceptuels sur le capital social des francophones et sur l’auto-détermination du comportement langagier en milieu linguistique minoritaire, nous avons conçu les questions puis évalué la qualité de contenu de l’outil. Par le moyen d’entretiens cognitifs, 92 experts naturels ont testé la validité linguistique et contextuelle du questionnaire, constitué de 21 questions à options de réponses à choix multiples. Des professionnels de recherche ont également été consultés. Résultats : La parcimonie et la lisibilité ont été testées à l’aide du test de Flesch : 19 questions (soit 93 %) ont été classées comme relevant des styles très grand public, assez facile ou courant. La facilité de lecture et d’utilisation du questionnaire a été confirmée par les experts naturels comme par les professionnels de recherche consultés. Conclusion : Cette étude comble une lacune de la recherche en contexte multiculturel en matière d’outils de recueil de données aisément compris et lus par une variété de francophones, soulignant la faiblesse des données probantes liées à la construction de l’alphabétisme familial en santé au sein des francophones en situation linguistique minoritaire.
520 ## - SUMMARY, ETC.
Summary, etc. Objective: This study was designed to develop and test the qualitative validity of a French questionnaire. The questionnaire explored the mechanisms by which Francophone in situation of linguistic minority mobilize their social capital and cultural assets in terms of health literacy. Methods: We used evidence derived from a previous qualitative study in which we elaborated the characteristics of social capital and cultural assets. Drawing on models of social capital and self-determination of language behaviour in Francophone in situation of linguistic minority, 21 items were developed and assessed to confirm content validity. For this purpose, cognitive interviews were conducted with 92 natural experts. These cognitive interviews tested the linguistic and content validity of the instrument. Consultations with research professionals were also conducted to increase content validity. Results: Parsimony and simplicity were tested by application of the Flesch test. The results demonstrate that 19 questions (93%) corresponded to the general public, relatively simple, and everyday use categories. Natural experts confirmed the readability and simplicity of the questionnaire. Conclusion: This study addressed a lack of simple and readable questionnaire for collecting data among Francophone in situation of linguistic minority. The findings underscore the lack of evidence related to the familiar construction of health literacy among members of this population.
690 ## - LOCAL SUBJECT ADDED ENTRY--TOPICAL TERM (OCLC, RLIN)
Topical term or geographic name as entry element conception de questionnaire
690 ## - LOCAL SUBJECT ADDED ENTRY--TOPICAL TERM (OCLC, RLIN)
Topical term or geographic name as entry element construction de questionnaire
690 ## - LOCAL SUBJECT ADDED ENTRY--TOPICAL TERM (OCLC, RLIN)
Topical term or geographic name as entry element études de validation
690 ## - LOCAL SUBJECT ADDED ENTRY--TOPICAL TERM (OCLC, RLIN)
Topical term or geographic name as entry element technique analytique
690 ## - LOCAL SUBJECT ADDED ENTRY--TOPICAL TERM (OCLC, RLIN)
Topical term or geographic name as entry element conceptualization
690 ## - LOCAL SUBJECT ADDED ENTRY--TOPICAL TERM (OCLC, RLIN)
Topical term or geographic name as entry element content validity
690 ## - LOCAL SUBJECT ADDED ENTRY--TOPICAL TERM (OCLC, RLIN)
Topical term or geographic name as entry element development of a questionnaire
690 ## - LOCAL SUBJECT ADDED ENTRY--TOPICAL TERM (OCLC, RLIN)
Topical term or geographic name as entry element flesch test
700 10 - ADDED ENTRY--PERSONAL NAME
Personal name Maheu, Christine
Relator term author
700 10 - ADDED ENTRY--PERSONAL NAME
Personal name Racine, Louise
Relator term author
700 10 - ADDED ENTRY--PERSONAL NAME
Personal name Kaszap, Margot
Relator term author
700 10 - ADDED ENTRY--PERSONAL NAME
Personal name Jbilou, Jalila
Relator term author
700 10 - ADDED ENTRY--PERSONAL NAME
Personal name Giguère, Samuel
Relator term author
700 10 - ADDED ENTRY--PERSONAL NAME
Personal name Reece, Daidre-Ann
Relator term author
700 10 - ADDED ENTRY--PERSONAL NAME
Personal name Thélusma-Rémy, Marlene
Relator term author
700 10 - ADDED ENTRY--PERSONAL NAME
Personal name Montgomery, Catherine
Relator term author
700 10 - ADDED ENTRY--PERSONAL NAME
Personal name Xenocostas, Spyridoula
Relator term author
700 10 - ADDED ENTRY--PERSONAL NAME
Personal name Parada, Henry
Relator term author
700 10 - ADDED ENTRY--PERSONAL NAME
Personal name Talbot, Yves
Relator term author
700 10 - ADDED ENTRY--PERSONAL NAME
Personal name Mohamed, Mohamed
Relator term author
786 0# - DATA SOURCE ENTRY
Note Santé Publique | 30 | 2 | 2018-06-12 | p. 177-186 | 0995-3914
856 41 - ELECTRONIC LOCATION AND ACCESS
Uniform Resource Identifier <a href="https://stm.cairn.info/revue-sante-publique-2018-2-page-177?lang=fr&redirect-ssocas=7080">https://stm.cairn.info/revue-sante-publique-2018-2-page-177?lang=fr&redirect-ssocas=7080</a>

Pas d'exemplaire disponible.

PLUDOC

PLUDOC est la plateforme unique et centralisée de gestion des bibliothèques physiques et numériques de Guinée administré par le CEDUST. Elle est la plus grande base de données de ressources documentaires pour les Étudiants, Enseignants chercheurs et Chercheurs de Guinée.

Adresse

627 919 101/664 919 101

25 boulevard du commerce
Kaloum, Conakry, Guinée

Réseaux sociaux

Powered by Netsen Group @ 2025